| 000 | 00993nam a2200217 a 4500 | ||
|---|---|---|---|
| 001 | 000963231 | ||
| 003 | AM-YeHGA | ||
| 005 | 20250618074207.0 | ||
| 008 | 130517s2013 |||| |||||||||| | arm c | ||
| 020 | _a9789939822310 | ||
| 040 | _aAM-YeHGA | ||
| 041 | 0 | _aarm | |
| 100 | 1 |
_aԱնումյան, Մելինե Վահեի, _d1977- |
|
| 245 | 1 | 0 |
_aՃանաչում և դատապարտում : _bԵրիտթուրքերի դատավարությունները (1919-1921թթ. և 1926թ.) / _cՄ. Անումյան ; Պատ. խմբ.` Ա. Ավագյան ; Հայոց Ցեղասպանության թանգարան-ինստիտուտ. |
| 260 |
_aԵրևան : _bՀայոց ցեղասպանության թանգ. ին-տ հրատ., _c2013. |
||
| 300 |
_a168 էջ ; _c20 սմ. |
||
| 650 | 1 | 4 | _aՀայոց պատմություն |
| 700 | 1 |
_aԱվագյան, Արսեն _eխմբ. _4edt _98549 |
|
| 710 | 2 |
_aՀայոց Ցեղասպանության թանգարան-ինստիտուտ _94445 |
|
| 090 | _c324473 | ||
| 999 |
_c322730 _d322730 |
||